000 00304nam a22001337a 4500
008 170630b xxu||||| |||| 00| 0 eng d
020 _a9780838562871
041 _aeng
080 _a679
100 _a11
101 _aSHM
245 _aMEDICAL MICROBIOLOGY & IMMUNOLOGY
_cLEVINSON, W
942 _2udc
_cBK
999 _c19771
_d19771